01436cam a22004214i 4500003000900000005001700009008004100026035001900067035001900086040003300105082001800138245011200156264009200268300003900360336002100399337002500420338002300445490006400468505015900532526001000691526001000701526000900711526000900720526000900729526000900738526000900747526000900756526000900765526000800774526000800782526000800790526000800798526000800806651004800814700004600862700002900908710007700937PE-LiUPU20250731165551.0150625s r 000 0 d a(Sirsi) a34502 a(Sirsi) a34502 aPE-LiUPUbspacPE-LiUPUerda04a985.04bD22300aPrimer congreso constituyente :nVolumen 1. /cedición y prólogo de Gustavo Pons Muzzo y Alberto Tauro. 1aLima :bComisión Nacional del Sesquicentenario de la Independencia del Perú,c1973. a466 páginas ;c24 centímetros. atext2rdacontent aunmediated2rdamedia avolume2rdacarrier0 aColección Documental de la Independencia del Perú ;v150 aConvocatoria y elección del congreso. Actas de elecciones. Poderes. Instalación del congreso, Diputados. Comisiones. Actas de las sesiones públicas. aSEG44 aSEG26 aP151 aP150 aP149 aP146 aP145 aP126 aP125 aP92 aP75 aP74 aP27 aP15 aPerú. Congreso Constituyente (1822-1825).1 aPons Muzzo, Gustavo,d1916-2008,eeditor.1 aTauro, Alberto1914-1994.2 a.Comisión Nacional del Sesquicentenario de la Independencia del Perú